<?xml version="1.0" encoding="UTF-8"?>
<record
    xmlns:xsi="http://www.w3.org/2001/XMLSchema-instance"
    xsi:schemaLocation="http://www.loc.gov/MARC21/slim http://www.loc.gov/standards/marcxml/schema/MARC21slim.xsd"
    xmlns="http://www.loc.gov/MARC21/slim">

  <leader>00572cam a22001697  4500</leader>
  <controlfield tag="001">ltf91049451 </controlfield>
  <controlfield tag="003">DLC</controlfield>
  <controlfield tag="005">20260227111553.0</controlfield>
  <controlfield tag="008">910501s1919    gw            000 0 ger  </controlfield>
  <datafield tag="010" ind1=" " ind2=" ">
    <subfield code="a">ltf91049451 </subfield>
  </datafield>
  <datafield tag="040" ind1=" " ind2=" ">
    <subfield code="a">DLC</subfield>
    <subfield code="c">DLC</subfield>
    <subfield code="d">DLC</subfield>
  </datafield>
  <datafield tag="050" ind1="0" ind2="0">
    <subfield code="a">4LB 894</subfield>
  </datafield>
  <datafield tag="100" ind1="1" ind2=" ">
    <subfield code="a">Steiner, Rudolf,</subfield>
    <subfield code="d">1861-1925.</subfield>
  </datafield>
  <datafield tag="245" ind1="1" ind2="0">
    <subfield code="a">Drei Vortr&#xE4;ge &#xFC;ber Volksp&#xE4;dagogik, gehalten in Stuttgart am 11. Mai, 18. Mai und 1. Juni 1919 ...</subfield>
    <subfield code="c">Hrsg. vom Bund f&#xFC;r Dreigliederung des sozialen Organismus, Stuttgart.</subfield>
  </datafield>
  <datafield tag="260" ind1=" " ind2=" ">
    <subfield code="a">Stuttgart,</subfield>
    <subfield code="b">Greiner &amp; Pfeiffer</subfield>
    <subfield code="c">[1919]</subfield>
  </datafield>
  <datafield tag="300" ind1=" " ind2=" ">
    <subfield code="a">47 p.</subfield>
  </datafield>
  <datafield tag="999" ind1=" " ind2=" ">
    <subfield code="c">37595</subfield>
    <subfield code="d">37595</subfield>
  </datafield>
</record>
